Private Equity Concepts and Terms (Record no. 12515)
[ view plain ]
| 000 -LEADER | |
|---|---|
| fixed length control field | 00303nam a22001337a 4500 |
| 003 - CONTROL NUMBER IDENTIFIER | |
| control field | OSt |
| 008 - FIXED-LENGTH DATA ELEMENTS--GENERAL INFORMATION | |
| fixed length control field | 240416b |||||||| |||| 00| 0 eng d |
| 020 ## - INTERNATIONAL STANDARD BOOK NUMBER | |
| International Standard Book Number | 9798708122391 |
| 082 ## - DEWEY DECIMAL CLASSIFICATION NUMBER | |
| Classification number | 005.133 SIA |
| 100 ## - MAIN ENTRY--PERSONAL NAME | |
| Personal name | JAIN,Sameer |
| 245 ## - TITLE STATEMENT | |
| Title | Private Equity Concepts and Terms |
| 300 ## - PHYSICAL DESCRIPTION | |
| Extent | 78 |
| 942 ## - ADDED ENTRY ELEMENTS (KOHA) | |
| Source of classification or shelving scheme | Dewey Decimal Classification |
| Koha item type | Text Books |
| Withdrawn status | Lost status | Source of classification or shelving scheme | Damaged status | Not for loan | Collection code | Home library | Current library | Date acquired | Source of acquisition | Currency | Cost, normal purchase price | Bill Number | Total Checkouts | Full call number | Acc. no. / Barcode | Date last seen | Actual Cost, discounted price | Bill Date | Koha item type |
|---|---|---|---|---|---|---|---|---|---|---|---|---|---|---|---|---|---|---|---|
| Dewey Decimal Classification | MBA | PIET C-LIBRARY | PIET C-LIBRARY | 14/04/2024 | Zafaa Books and Distributors | In rupees | 1899.00 | ZBD0028 | 005.133 JAP | 37568 | 16/04/2024 | 1424.25 | 14/04/2024 | Reference Books | |||||
| Dewey Decimal Classification | MBA | PIET C-LIBRARY | PIET C-LIBRARY | 14/04/2024 | Zafaa Books and Distributors | In rupees | 1899.00 | ZBD0028 | 005.133 JAP | 37569 | 16/04/2024 | 1424.25 | 14/04/2024 | Text Books |